[Event "XXI Ayto. de Erandio"]
[Site "Erandio"]
[Date "2012.12.26"]
[Round "4.8"]
[White "Prieto Aranguren, Alain"]
[Black "Barrio Ugidos, Ibon"]
[Result "1-0"]
[WhiteElo "2193"]
[BlackElo "1849"]

1. Nf3 Nf6 2. g3 c5 3. Bg2 Nc6 4. O-O g6 5. d3 Bg7 6. e4 d6 7. c3 O-O 8. Re1 e5
9. a4 h6 10. Na3 Be6 11. Nc4 Qc7 12. Ne3 a6 13. Nh4 Kh7 14. f4 Rad8 15. f5 Bc8
16. Rf1 b5 17. axb5 axb5 18. Nd5 Qb7 19. Qd2 g5 20. Nf3 Nxd5 21. exd5 Ne7 22.
Nxg5+ hxg5 23. f6 Bh6 24. h4 Rg8 25. Be4+ Nf5 26. Rxf5 Rg6 27. h5 Bxf5 28. Bxf5
Rf8 29. Qh2 Qxd5 30. Bxg5 1-0

[Event "XXI Ayto. de Erandio"]
[Site "Erandio"]
[Date "2012.12.26"]
[Round "4.9"]
[White "Cano Cavero, Alberto Javier"]
[Black "Diez Fraile, Mariano"]
[Result "0-1"]
[WhiteElo "1867"]
[BlackElo "2083"]

1. e4 e6 2. d3 c5 3. Nf3 Nc6 4. g3 g6 5. Bg2 Bg7 6. O-O Nge7 7. Nc3 O-O 8. h4
d5 9. h5 d4 10. Na4 Qd6 11. b3 b5 12. Nb2 a6 13. Nh2 Bb7 14. Ng4 f5 15. e5 Qc7
16. Nf6+ Kh8 17. Bf4 Ng8 18. Nxg8 Kxg8 19. h6 Bxe5 20. Qe2 Bxf4 21. Qxe6+ Qf7
22. Qxf7+ Rxf7 23. gxf4 Nb4 24. a4 Re8 25. Rfe1 Ree7 26. axb5 axb5 27. Bxb7
Rxb7 28. Re8+ Rf8 29. Rxf8+ Kxf8 30. Ra8+ Ke7 31. Rg8 Kd6 32. Rg7 Re7 33. Kg2
Nxc2 34. Kg3 Nb4 35. Kh4 Nd5 36. Kg5 Re1 0-1

[Event "XXI Ayto. de Erandio"]
[Site "Erandio"]
[Date "2012.12.26"]
[Round "4.10"]
[White "Barbazan Bilbao, Xabier"]
[Black "Torres Garcia, Koldo"]
[Result "0-1"]
[WhiteElo "1770"]
[BlackElo "2027"]

1. e4 e5 2. Nf3 Nc6 3. d4 exd4 4. Nxd4 Nf6 5. Nxc6 bxc6 6. e5 Qe7 7. Qe2 Nd5 8.
c4 Nb6 9. Nc3 Bb7 10. b3 g6 11. Bb2 Bg7 12. f4 O-O 13. O-O-O a5 14. g3 a4 15.
Bg2 axb3 16. axb3 Qb4 17. Qc2 d6 18. Ne4 dxe5 19. fxe5 Ra2 20. Nc3 Ra5 21. e6
fxe6 22. Rhe1 Rfa8 23. Bh3 Ra1+ 24. Bxa1 Rxa1+ 25. Kd2 Nxc4+ 26. Ke2 Rxd1 27.
Nxd1 Ne5 28. Bxe6+ Kh8 29. Ne3 Qe7 30. Bh3 Ba6+ 31. Kf2 Nd3+ 0-1

[Event "XXI Ayto. de Erandio"]
[Site "Erandio"]
[Date "2012.12.27"]
[Round "5.1"]
[White "Gomez Esteban, Juan Mario"]
[Black "Arias Garcia, Luis Javier"]
[Result "1-0"]
[WhiteElo "2463"]
[BlackElo "2217"]

1. Nf3 Nf6 2. c4 c5 3. Nc3 Nc6 4. d4 cxd4 5. Nxd4 g6 6. e4 d6 7. Be2 Bg7 8. Be3
O-O 9. O-O Bd7 10. Qd2 Nxd4 11. Bxd4 Bc6 12. f3 Nd7 13. Be3 a5 14. b3 Nc5 15.
Rab1 Qb6 16. Rfc1 Qb4 17. Rc2 Rfc8 18. Qc1 Qb6 19. Bf1 Qd8 20. Qd2 Qf8 21. a3
h5 22. b4 axb4 23. axb4 Na4 24. Ne2 Qd8 25. Nd4 Bd7 26. Qf2 Kh7 27. Rbc1 Qf8
28. h3 Bh6 29. f4 e5 30. Nb3 Bc6 31. Bd3 Qe7 32. f5 Bxe3 33. Qxe3 g5 34. Ra1
Qd8 35. Rca2 Nb6 36. f6 Kg6 37. Na5 Rab8 38. Rf1 Bd7 39. Raf2 1-0

[Event "XXI Ayto. de Erandio"]
[Site "Erandio"]
[Date "2012.12.27"]
[Round "5.2"]
[White "Kovacevic, Slobodan"]
[Black "Diaz Herrero, Alvaro"]
[Result "1/2-1/2"]
[WhiteElo "2326"]
[BlackElo "2138"]

1. d4 Nf6 2. Nf3 d5 3. Bf4 c5 4. e3 Nc6 5. c3 Qb6 6. Qb3 c4 7. Qc2 Bf5 8. Qc1
Nh5 9. Bg3 Nxg3 10. hxg3 e6 11. Nbd2 h6 12. Be2 Be7 13. Bd1 Qc7 14. Bc2 b5 15.
e4 dxe4 16. Bxe4 Bxe4 17. Nxe4 Rd8 18. Rh5 f5 19. Neg5 Bxg5 20. Nxg5 O-O 21.
Nf3 e5 22. dxe5 Nxe5 23. Nxe5 Qxe5+ 24. Kf1 Rfe8 25. Qc2 Rd3 26. a4 bxa4 27.
Kg1 a3 28. bxa3 Kh7 29. Rc1 Qc5 30. Rh4 Rxg3 31. Rxc4 Qxc4 32. fxg3 Re4 33. Qf2
f4 $11 34. gxf4 Rxf4 35. Qxa7 Qe2 36. Qc5 h5 37. Kh2 Rh4+ 38. Kg1 Rf4 39. Kh2
Rh4+ 40. Kg1 Rf4 41. Kh2 Rh4+ 1/2-1/2

[Event "XXI Ayto. de Erandio"]
[Site "Erandio"]
[Date "2012.12.27"]
[Round "5.3"]
[White "Padilla Cabero, Pablo"]
[Black "Mate Adan, Carlos"]
[Result "0-1"]
[WhiteElo "2171"]
[BlackElo "2255"]

1. f4 d5 2. g3 Nf6 3. Nh3 Nbd7 4. d3 e5 5. c3 Bd6 6. Bg2 O-O 7. O-O exf4 8.
Bxf4 Bxf4 9. Rxf4 c6 10. Qd2 Re8 11. Na3 Qe7 12. Re1 Ne5 13. Nc2 Bd7 14. Rff1
Neg4 15. e3 Qe5 16. Nf4 h5 17. h3 Nh6 18. Nd4 Re7 19. e4 dxe4 20. Bxe4 Nxe4 21.
Rxe4 Qg5 22. Rxe7 Qxe7 23. Nxh5 c5 24. Re1 Qd8 25. Nb3 Bxh3 26. Nf4 Qd6 27. Qf2
c4 28. dxc4 Bg4 29. Qc5 Qf6 30. Qe5 Qa6 31. Qb5 Qxa2 32. Qxb7 Rf8 33. Nd4 Qxc4
34. Qxa7 g5 35. Qb6 Kg7 36. Ng2 Qd3 37. Qd6 Qc4 38. Ne3 Qc8 39. Rf1 Qd8 40. Qb4
Bh3 41. Rd1 Qc7 42. Kh2 Rh8 43. Ne2 Ng4+ 44. Kg1 Qa7 45. Nd4 Ne5 46. Rd2 Nf3+
47. Kf2 Bg4 48. Kg2 Qa8 0-1

[Event "XXI Ayto. de Erandio"]
[Site "Erandio"]
[Date "2012.12.27"]
[Round "5.4"]
[White "Arrillaga Romero, Oscar"]
[Black "Prieto Aranguren, Alain"]
[Result "0-1"]
[WhiteElo "1948"]
[BlackElo "2193"]

1. e3 g6 2. f4 Bg7 3. Nf3 d6 4. Be2 Nc6 5. d3 e5 6. fxe5 dxe5 7. e4 Nge7 8. O-O
O-O 9. a4 Nd4 10. Nbd2 Nec6 11. Nc4 Nxf3+ 12. Bxf3 Nd4 13. c3 Nxf3+ 14. Qxf3
Be6 15. b3 Qd7 16. h3 Rad8 17. Ba3 Rfe8 18. Rad1 a6 19. a5 Qb5 20. Rb1 Re7 21.
Rfd1 Red7 22. Nxe5 Qxe5 23. d4 Qxa5 24. Bb4 Qb6 25. Bc5 Qc6 26. Kh2 f5 27. d5
Qxc5 28. dxe6 Qe5+ 29. Kh1 Qxe6 30. exf5 Qxf5 31. Rxd7 Qxb1+ 0-1

[Event "XXI Ayto. de Erandio"]
[Site "Erandio"]
[Date "2012.12.27"]
[Round "5.5"]
[White "Diez Fraile, Mariano"]
[Black "Goiria Egidazu, Jon Asel"]
[Result "1/2-1/2"]
[WhiteElo "2083"]
[BlackElo "1923"]

1. Nf3 Nf6 2. c4 e6 3. g3 b6 4. Bg2 Bb7 5. O-O Be7 6. Nc3 O-O 7. b3 c5 8. Bb2
d5 9. cxd5 Nxd5 10. Nxd5 Bxd5 11. Qc2 Nc6 12. Rac1 Nd4 13. Nxd4 cxd4 14. Be4 f5
15. Bxd5 Qxd5 16. Qc4 Qxc4 17. Rxc4 e5 18. Rfc1 Bd6 19. e3 Kf7 20. R1c2 Ke6 21.
Kg2 Kd7 22. Bc1 b5 23. Rc6 Rac8 24. Rxc8 Rxc8 25. Rxc8 Kxc8 26. Kf3 Kd7 27. d3
dxe3 28. fxe3 Ke6 29. e4 h5 30. exf5+ Kxf5 31. h3 a6 32. g4+ hxg4+ 33. hxg4+
Ke6 34. Ke4 Bc7 35. a4 bxa4 36. bxa4 Bb6 37. Bb2 Bc7 38. Bc3 g6 39. Be1 Bb6
1/2-1/2

[Event "XXI Ayto. de Erandio"]
[Site "Erandio"]
[Date "2012.12.27"]
[Round "5.7"]
[White "Fernandez Rivera, Igor"]
[Black "Rodriguez Gonzalez, Alex"]
[Result "1-0"]
[WhiteElo "1903"]
[BlackElo "1998"]

1. e4 c5 2. Nf3 a6 3. g3 b5 4. Bg2 Bb7 5. d3 d6 6. O-O Nd7 7. Re1 e5 8. c4 Ngf6
9. Nc3 b4 10. Nd5 Nxd5 11. exd5 f5 12. Ng5 Nf6 13. f4 Qe7 14. Ne6 Kd7 15. fxe5
dxe5 16. Qa4+ Kc8 17. Rxe5 Ng4 18. d6 Qxd6 19. Qe8+ 1-0

[Event "XXI Ayto. de Erandio"]
[Site "Erandio"]
[Date "2012.12.27"]
[Round "5.8"]
[White "Llano Olabarrieta, Joseba"]
[Black "Saez Gabikagogeaskoa, Oscar"]
[Result "1/2-1/2"]
[WhiteElo "1757"]
[BlackElo "1974"]

1. e4 c5 2. Nf3 Nc6 3. d4 cxd4 4. Nxd4 e5 5. Nb5 a6 6. Nd6+ Bxd6 7. Qxd6 Qf6 8.
Qd2 Qg6 9. f3 Nge7 10. c4 O-O 11. Bd3 Nd4 12. Nc3 d6 13. O-O f5 14. Kh1 f4 15.
b3 Qh5 16. Bb2 Rf6 17. Qf2 Rh6 18. Qg1 Bd7 19. Rad1 g5 20. Ne2 Nxe2 21. Bxe2
Bc6 22. Rfe1 b6 23. Ba3 Rd8 24. Rd2 Qh4 25. Red1 Nc8 26. c5 bxc5 27. Bxc5 g4
28. fxg4 Bxe4 29. Bf2 Qh3 30. Rd3 Bxg2+ 31. Qxg2 Qxg2+ 32. Kxg2 e4 33. Rc3 f3+
34. Bxf3 exf3+ 35. Rxf3 Re8 36. Rd5 Rhe6 37. Ra5 Re4 38. h3 1/2-1/2

[Event "XXI Ayto. de Erandio"]
[Site "Erandio"]
[Date "2012.12.27"]
[Round "5.9"]
[White "Ruiz Maraña, Alejandro"]
[Black "Peña Ugarte, Fco. Jesus"]
[Result "1-0"]
[WhiteElo "2206"]
[BlackElo "1848"]

1. e4 c6 2. d4 g6 3. Nc3 Bg7 4. Nf3 d6 5. Be2 Nf6 6. O-O O-O 7. h3 a6 8. a4 b6
9. Be3 c5 10. e5 Nfd7 11. dxc5 Nxc5 12. a5 bxa5 13. Bxc5 dxc5 14. Qxd8 Rxd8 15.
Rxa5 Nd7 16. Nd5 Bb7 17. Nf4 Nxe5 18. Nxe5 Bxe5 19. Nd3 Bc7 20. Rxc5 Bb6 21.
Rc3 Rd6 22. Ra1 Rf6 23. Rc4 g5 24. Kf1 Rc8 25. Rxc8+ Bxc8 26. f3 h5 27. Ne5 a5
28. Nc4 Bc7 29. Nxa5 g4 30. hxg4 hxg4 31. Ra4 {...} 1-0

[Event "XXI Ayto. de Erandio"]
[Site "Erandio"]
[Date "2012.12.27"]
[Round "5.10"]
[White "Porras Campo, Ruben"]
[Black "Herran Castro, Aitor"]
[Result "1-0"]
[WhiteElo "2093"]
[BlackElo "1845"]

1. d4 Nf6 2. c4 e6 3. Nc3 Bb4 4. f3 c5 5. a3 cxd4 6. axb4 dxc3 7. bxc3 d5 8.
cxd5 Qxd5 9. Qc2 O-O 10. e4 Qe5 11. Ne2 a5 12. Bf4 Qb5 13. Nd4 Qe8 14. Bd6 Nc6
15. Nxc6 Qxc6 16. Bxf8 Kxf8 17. Rxa5 Rxa5 18. bxa5 Qc5 19. Be2 Bd7 20. Qd2 Ke7
21. Qd4 Qxa5 22. Kf2 e5 23. Qb4+ Qxb4 24. cxb4 Ne8 25. Rc1 Nd6 26. Ke3 f6 27.
Bc4 Bc6 28. Bd5 Bd7 29. g3 Kd8 30. h4 h5 31. Kd3 Bb5+ 32. Ke3 Bd7 33. Ra1 Kc7
34. Ra8 Bc8 35. f4 Kd7 36. f5 Kc7 37. Be6 Kd8 38. Bxc8 Nxc8 39. Kd3 b5 40. Rb8
Kc7 41. Rxb5 Nd6 42. Rd5 Kc6 43. Rxd6+ Kxd6 44. Kc4 1-0

[Event "XXI Ayto. de Erandio"]
[Site "Erandio"]
[Date "2012.12.28"]
[Round "6.1"]
[White "Mate Adan, Carlos"]
[Black "Gomez Esteban, Juan Mario"]
[Result "0-1"]
[WhiteElo "2255"]
[BlackElo "2463"]

1. e4 c5 2. Nc3 e6 3. f4 d5 4. d3 Nc6 5. Nf3 Nf6 6. Bd2 Be7 7. g3 O-O 8. Bg2
Rb8 9. O-O b5 10. e5 Nd7 11. Be1 b4 12. Ne2 a5 13. Bf2 Ba6 14. Re1 a4 15. f5
exf5 16. Nf4 Nb6 17. e6 Bc8 18. exf7+ Rxf7 19. Ne6 Bxe6 20. Rxe6 Qd7 21. Re2 d4
22. Qd2 Nd5 23. Ng5 Bxg5 24. Qxg5 a3 25. bxa3 Nc3 26. Ree1 bxa3 27. g4 Nb4 28.
Re5 Nxc2 29. Rc1 Nb4 30. Rce1 h6 31. Qd2 Nbxa2 32. gxf5 Nb4 33. f6 Rxf6 34. Re7
Qf5 35. Bg3 Rbf8 36. R1e5 Qxd3 37. Qe1 Nc2 38. Rxg7+ Kxg7 39. Re7+ Kg8 0-1

[Event "XXI Ayto. de Erandio"]
[Site "Erandio"]
[Date "2012.12.28"]
[Round "6.2"]
[White "Urbieta Gabancho, Koldo"]
[Black "Kovacevic, Slobodan"]
[Result "0-1"]
[WhiteElo "1928"]
[BlackElo "2326"]

1. Nf3 c5 2. c4 Nf6 3. b3 b6 4. g3 Bb7 5. Bg2 e6 6. Bb2 Be7 7. O-O O-O 8. e3 d6
9. d4 Qc7 10. Nbd2 Nbd7 11. Qc2 Rac8 12. Rfe1 Qb8 13. e4 cxd4 14. Nxd4 a6 15.
Rac1 Rfe8 16. Qb1 Bf8 17. Rcd1 Qa8 18. Re2 g6 19. f3 Qb8 20. Rde1 Bg7 21. Nc2
Qc7 22. Kh1 h5 23. Ne3 Bh6 24. Qa1 Nh7 25. f4 Nc5 26. Qb1 Qb8 27. b4 Na4 28.
Ba1 b5 29. Qd3 Bc6 30. a3 Rcd8 31. Rf2 Rd7 32. Nc2 e5 33. Ne3 Nb6 34. Nd5 bxc4
35. Nxc4 Nxd5 36. exd5 Bb5 37. fxe5 dxe5 38. Qb3 Bg7 39. Na5 Qb6 40. Rc2 Rc7
41. a4 Rxc2 42. Qxc2 Bd7 43. Qc5 Qf6 44. Nc6 Bf8 45. Qc4 Bxc6 46. dxc6 Bd6 47.
Rf1 Qe7 48. Be4 Kg7 49. b5 axb5 50. axb5 Bc7 51. Bc3 Nf6 52. Bb4 Qd8 53. Bc5
Bb6 54. Bxb6 Qxb6 55. Bg2 Rb8 56. Rb1 Rc8 57. Rc1 Qe3 58. Qc2 {
Mov dama no legible.} 0-1

[Event "XXI Ayto. de Erandio"]
[Site "Erandio"]
[Date "2012.12.28"]
[Round "6.3"]
[White "Diaz Herrero, Alvaro"]
[Black "Trigo Urquijo, Sergio"]
[Result "1-0"]
[WhiteElo "2138"]
[BlackElo "2233"]

1. e4 d6 2. d4 Nf6 3. Nc3 e5 4. dxe5 dxe5 5. Qxd8+ Kxd8 6. Bc4 Be6 7. Bxe6 fxe6
8. f3 Nc6 9. Be3 $11 Bd6 10. Nb1 Ke7 11. c3 b5 12. Nd2 Na5 13. b3 Nb7 14. Nh3
Rhd8 15. Nf2 Bc5 16. Nf1 Rd6 17. Ke2 Rad8 18. Rd1 Ra6 19. Rxd8 Kxd8 20. a4 bxa4
21. b4 a3 22. Nd2 Bxe3 23. Kxe3 Nd6 24. Nd3 a2 25. Ra1 Ra3 26. c4 Nd7 27. Ke2
Nb7 28. c5 c6 29. Nc4 Rc3 30. Ndxe5 Nxe5 31. Nxe5 Rc2+ 32. Kd3 Rxg2 33. Nxc6+
Kc7 34. Nxa7 Rxh2 35. Nb5+ Kc8 36. c6 Nd8 37. c7 Nc6 38. Kc4 Rc2+ 39. Kb3 Rf2
40. Rc1 Rxf3+ 41. Kxa2 Ne7 42. Nd6+ Kd7 43. c8=Q+ Nxc8 44. Nxc8 h5 45. b5 Rf8
46. Nb6+ Kd6 47. Rc6+ Ke7 48. e5 Rg8 49. Kb3 h4 50. Kb4 h3 51. Nc8+ Kd7 52. Nd6
h2 53. Rc1 Rh8 54. Rh1 g5 55. Kc5 g4 56. Ne4 Kc7 57. b6+ Kb7 58. Kb5 Kb8 59.
Kc6 Rc8+ 60. Kd7 Rc4 61. Ng3 Rc3 62. Nf1 g3 63. Nxg3 Rxg3 64. Rxh2 Rb3 65. Kxe6
Rxb6+ 66. Kd7 Rb1 67. Rd2 Rb7+ 68. Kd8 Rb6 69. Rd6 Rb5 70. e6 Rc5 71. Rb6+ Ka7
72. Rb4 1-0

[Event "XXI Ayto. de Erandio"]
[Site "Erandio"]
[Date "2012.12.28"]
[Round "6.4"]
[White "Prieto Aranguren, Alain"]
[Black "Fernandez Rivera, Igor"]
[Result "1-0"]
[WhiteElo "2193"]
[BlackElo "1903"]

1. d4 d6 2. Nf3 g6 3. c4 Nf6 4. Nc3 Bg7 5. e4 O-O 6. Be2 e5 7. O-O Nc6 8. d5
Ne7 9. Ne1 Nd7 10. Be3 f5 11. f3 f4 12. Bf2 g5 13. Nb5 Nf6 14. Nxa7 Bd7 15. Nb5
Ng6 16. c5 Ne8 17. a4 Rf7 18. cxd6 cxd6 19. Nc2 Bf8 20. Nca3 h5 21. Nc4 Qf6 22.
Nb6 Rd8 23. Rc1 Rg7 24. Nxd7 Rdxd7 25. Rc8 Rde7 26. Bb6 Nh4 27. Bd8 Qg6 28.
Bxe7 Nxg2 29. Kxg2 g4 30. fxg4 Qxe4+ 31. Bf3 Qg6 32. Bxf8 Kxf8 33. Qc2 Qxc2+
34. Rxc2 hxg4 35. Be4 Ke7 36. Rfc1 Rg5 37. Rc8 1-0

[Event "XXI Ayto. de Erandio"]
[Site "Erandio"]
[Date "2012.12.28"]
[Round "6.5"]
[White "Arias Garcia, Luis Javier"]
[Black "Arostegui Lejarza, Joseba"]
[Result "1-0"]
[WhiteElo "2217"]
[BlackElo "1924"]

1. e4 d5 2. exd5 Nf6 3. b3 Qxd5 4. Bb2 Bg4 5. f3 Bf5 6. Bc4 Qd7 7. Ne2 Nc6 8.
Ng3 Be6 9. O-O Bxc4 10. bxc4 O-O-O 11. d3 h5 12. Nd2 h4 13. Ne2 e5 14. Nb3 Qf5
15. f4 exf4 16. Rxf4 Qg5 17. Qf1 Re8 18. Rf3 Bd6 19. h3 Ne5 20. Rf2 Nh5 21. c5
Ng3 22. Nxg3 hxg3 23. Re2 Bxc5+ 24. Nxc5 Ng4 25. Ne4 Qh6 26. Qf5+ Kb8 27. Qxg4
Qb6+ 28. Kh1 Qxb2 29. Rae1 Qxa2 30. Nxg3 Rxe2 31. Rxe2 g6 32. Qd7 a5 33. c4
Qa1+ 34. Kh2 f5 35. Qb5 f4 36. Ne4 c6 37. Qb6 Qf1 38. Rb2 Rh7 39. Qd8+ 1-0

[Event "XXI Ayto. de Erandio"]
[Site "Erandio"]
[Date "2012.12.28"]
[Round "6.6"]
[White "Saez Gabikagogeaskoa, Oscar"]
[Black "Ruiz Maraña, Alejandro"]
[Result "1-0"]
[WhiteElo "1974"]
[BlackElo "2206"]

1. e4 e6 2. d4 d5 3. Nc3 Nf6 4. Bg5 Bb4 5. e5 h6 6. Bd2 Bxc3 7. bxc3 Ne4 8. Qg4
Kf8 9. Bd3 Nxd2 10. Kxd2 c5 11. h4 c4 12. Be2 Nc6 13. Rh3 b5 14. Rg3 Rg8 15. a3
Bd7 16. Qf4 a5 17. Bh5 Be8 18. Rf3 f5 19. Bxe8 Kxe8 20. h5 Kd7 21. Nh3 Qe7 22.
g4 Rgf8 23. g5 b4 24. gxh6 bxc3+ 25. Kxc3 gxh6 26. Rg3 Rg8 27. Rxg8 Rxg8 28.
Qxh6 Na7 29. Rb1 Kc6 30. a4 Re8 31. Qg6 Nc8 32. Nf4 Nb6 33. Rxb6+ Kc7 34. Nxd5+
1-0

[Event "XXI Ayto. de Erandio"]
[Site "Erandio"]
[Date "2012.12.28"]
[Round "6.7"]
[White "Goiria Egidazu, Jon Asel"]
[Black "Padilla Cabero, Pablo"]
[Result "1-0"]
[WhiteElo "1923"]
[BlackElo "2171"]

1. e4 d6 2. d4 c6 3. Nf3 g6 4. Nc3 Bg7 5. a4 a5 6. Be2 Nh6 7. O-O Na6 8. Re1
Nb4 9. h3 O-O 10. Be3 f5 11. Qc1 Nf7 12. e5 Be6 13. Bf1 Qd7 14. Ng5 Nxg5 15.
Bxg5 Rae8 16. Nd1 dxe5 17. c3 Nd5 18. dxe5 Qc7 19. f4 b5 20. axb5 cxb5 21. Ne3
Qb6 22. Kh2 h6 23. Nxd5 Bxd5 24. Bh4 e6 25. Qe3 Qa6 26. Qc5 Rb8 27. Qa3 Ra8 28.
Be7 Rf7 29. Bb4 Rfa7 30. Bc5 Rb7 31. Bb4 Qb6 32. Bc5 Qc6 33. Rad1 Rc8 34. Bf2
a4 35. Rd2 Bf8 36. Qa1 a3 37. bxa3 Qxc3 38. Qxc3 Rxc3 39. Rb1 Bc6 40. Rd8 Rc2
41. Kg1 Kf7 42. a4 b4 43. a5 Bc5 44. Bxc5 Rxc5 45. a6 Rb6 46. a7 Ra5 47. Rb8
Rba6 48. Bxa6 Rxa6 49. Rc8 Be4 50. Rc7+ Ke8 51. Rxb4 Ra1+ 52. Kh2 Kd8 1-0

[Event "XXI Ayto. de Erandio"]
[Site "Erandio"]
[Date "2012.12.28"]
[Round "6.10"]
[White "Garrido Legarreta, Jose Javier"]
[Black "Cendagortagalarza Rodriguez, J."]
[Result "1-0"]
[WhiteElo "2057"]
[BlackElo "1726"]

1. e4 c5 2. Nf3 d6 3. d4 cxd4 4. Nxd4 Nf6 5. Nc3 g6 6. Be3 Bg7 7. f3 O-O 8. Qd2
Nc6 9. Bc4 Bd7 10. O-O-O Qb8 11. Rhe1 b5 12. Bd5 Rc8 13. Nxc6 Bxc6 14. Bxc6
Rxc6 15. Nd5 Qb7 16. Bd4 a5 17. Nxf6+ exf6 18. Qf4 Rac8 19. Re2 Qc7 20. Rdd2
Qe7 21. Kb1 b4 22. Bf2 a4 23. Bg3 g5 24. Qf5 b3 25. c3 bxa2+ 26. Kxa2 Qb7 27.
Bxd6 Rxd6 28. Rxd6 Qb3+ 29. Kb1 Rb8 30. Qd5 1-0

[Event "XXI Ayto. de Erandio"]
[Site "Erandio"]
[Date "2012.12.29"]
[Round "7.1"]
[White "Gomez Esteban, Juan Mario"]
[Black "Diaz Herrero, Alvaro"]
[Result "1/2-1/2"]
[WhiteElo "2463"]
[BlackElo "2138"]

1. Nf3 c5 2. c4 Nc6 3. d4 cxd4 4. Nxd4 Nf6 5. Nc3 g6 6. e4 Nxd4 7. Qxd4 d6 8.
Be3 Bg7 9. Be2 O-O 10. Qd2 a5 11. f3 a4 12. Rb1 Qa5 13. Nb5 Be6 14. Qxa5 Rxa5
15. Kd2 Rc8 16. Rhc1 Nd7 17. Nd4 Nc5 18. g4 Bd7 19. h4 Ne6 20. Nxe6 Bxe6 21. f4
f5 22. exf5 gxf5 23. g5 Bd7 24. Bb6 Raa8 25. c5 dxc5 26. Rxc5 Be6 27. b3 Rxc5
28. Bxc5 axb3 29. axb3 Ra2+ 30. Ke3 Rb2 31. Rxb2 Bxb2 32. Bc4 Bxc4 33. bxc4 Kf7
34. h5 e5 35. fxe5 Bc1+ 36. Kd4 Ke6 37. g6 hxg6 38. hxg6 Bb2+ 39. Ke3 Bxe5 40.
Bd4 Bxd4+ 41. Kxd4 Kf6 42. c5 Kxg6 43. Ke5 Kg5 44. Kd6 f4 45. Kc7 f3 46. Kxb7
f2 47. c6 f1=Q 48. c7 Qb5+ 1/2-1/2

[Event "XXI Ayto. de Erandio"]
[Site "Erandio"]
[Date "2012.12.29"]
[Round "7.2"]
[White "Kovacevic, Slobodan"]
[Black "Prieto Aranguren, Alain"]
[Result "1/2-1/2"]
[WhiteElo "2326"]
[BlackElo "2193"]

1. d4 Nf6 2. Nf3 g6 3. Bg5 Bg7 4. Nbd2 O-O 5. c3 d6 6. e4 c5 7. dxc5 dxc5 8.
Qc2 Nc6 9. Be2 Qc7 10. O-O h6 11. Bh4 Nh5 12. Rfe1 g5 13. Bg3 Nxg3 14. hxg3 a6
15. a4 Rb8 16. Nb3 Na5 17. Nxa5 Qxa5 18. Nd2 Qc7 19. a5 Bd7 20. Nc4 e6 21. Nb6
Bb5 22. Bc4 Rbd8 23. Qe2 Qc6 24. Rad1 Be5 25. Qh5 Bg7 26. f4 Rxd1 27. Qxd1 Bxc4
28. Nxc4 Qb5 29. Qe2 Rd8 30. e5 Bf8 31. Kf2 Be7 32. Rh1 Kg7 33. Qh5 Rh8 34. Qe2
Rd8 35. Rf1 Qd7 36. Ne3 gxf4 37. gxf4 Qd2 38. Kf3 Qd5+ {???} 39. Kg3 Qc6 {
incomprensible} 1/2-1/2

[Event "XXI Ayto. de Erandio"]
[Site "Erandio"]
[Date "2012.12.29"]
[Round "7.3"]
[White "Diez Fraile, Mariano"]
[Black "Mate Adan, Carlos"]
[Result "0-1"]
[WhiteElo "2083"]
[BlackElo "2255"]

1. Nf3 Nc6 2. e4 g6 3. d4 Bg7 4. Nc3 d6 5. Be3 Bg4 6. Be2 Nf6 7. d5 Nb8 8. O-O
O-O 9. h3 Bxf3 10. Bxf3 Nbd7 11. g3 c6 12. a4 Ne5 13. Be2 cxd5 14. exd5 Qc8 15.
Kh2 Nc4 16. Bc1 Nd7 17. Bxc4 Qxc4 18. Qe2 Rac8 19. Re1 Bxc3 20. Qxc4 Rxc4 21.
bxc3 Re8 22. Ra3 Nb6 23. Bf4 Nxd5 24. Bxd6 Rxc3 25. Rxc3 Nxc3 26. a5 Nb5 27.
Bxe7 Nd4 28. Rd1 Rxe7 29. Rxd4 Rc7 30. Kg2 Rxc2 31. Rd7 Rb2 32. a6 bxa6 33.
Rxa7 Rb6 34. h4 h5 35. f3 Kg7 36. g4 Kf6 37. g5+ Ke6 38. Kg3 f6 39. gxf6 Kxf6
40. Kf4 Rc6 41. Ra8 Rc4+ 42. Kg3 Ra4 43. Rf8+ Ke7 44. Rg8 Kf7 45. Rd8 Ra1 46.
Kf4 Ra5 47. Kg3 g5 48. hxg5 Rxg5+ 49. Kh4 Ra5 50. Rh8 Rf5 51. Rh6 a5 52. Rb6
Ke7 53. Ra6 Kd7 54. Kg3 Kc7 55. Kf2 Kb7 56. Rg6 a4 57. Ke3 Ra5 58. Rg2 a3 59.
Ra2 Kc6 60. Kd4 h4 61. Kc4 h3 62. Kb3 Kd5 63. Rd2+ Ke5 64. Ka2 Kf4 65. Rd4+ Kg3
66. Rg4+ Kxf3 0-1

[Event "XXI Ayto. de Erandio"]
[Site "Erandio"]
[Date "2012.12.29"]
[Round "7.4"]
[White "Arias Garcia, Luis Javier"]
[Black "Garrido Legarreta, Jose Javier"]
[Result "1-0"]
[WhiteElo "2217"]
[BlackElo "2057"]

1. Nf3 Nf6 2. c4 g6 3. Nc3 d5 4. cxd5 Nxd5 5. g3 Nb6 6. Bg2 Bg7 7. O-O Nc6 8.
d3 O-O 9. Bg5 h6 10. Bf4 e5 11. Bd2 Nd4 12. Rc1 c6 13. Ne4 Nd5 14. Nc5 b6 15.
Nxd4 exd4 16. Na4 c5 17. b4 cxb4 18. Bxb4 Re8 19. a3 Be6 20. Rc6 Nxb4 21. axb4
Bd5 22. Bxd5 Qxd5 23. Rc2 Qb3 24. Rb2 Qxd1 25. Rxd1 Rac8 26. Ra1 Bf8 27. Kg2
Rc7 28. Kf3 h5 29. b5 Re5 30. Raa2 Rf5+ 31. Kg2 Bh6 32. Rb4 Rd5 33. Kf3 Rf5+
34. Kg2 Rd5 35. Rc4 Rxc4 36. dxc4 Rd7 37. Nb2 Bd2 38. Kf3 Bc3 39. Nd3 Rc7 40.
Ne5 d3 41. Nxd3 Rxc4 42. Rxa7 Rc8 43. Rb7 Ba5 44. Rd7 Re8 45. Nf4 Rc8 46. Nd3
Re8 47. e4 Bc3 48. Rd6 Ba5 49. e5 Kf8 50. Ke4 Rc8 51. Rc6 Rd8 52. f4 Ke7 53. h3
Kf8 54. g4 hxg4 55. hxg4 Ke7 56. f5 gxf5+ 57. gxf5 Rg8 58. Rc7+ Kd8 59. Rxf7
Rg4+ 60. Kf3 Rd4 61. Nf4 Ke8 62. Rf8+ 1-0

[Event "XXI Ayto. de Erandio"]
[Site "Erandio"]
[Date "2012.12.29"]
[Round "7.5"]
[White "Torres Garcia, Koldo"]
[Black "Porras Campo, Ruben"]
[Result "1/2-1/2"]
[WhiteElo "2027"]
[BlackElo "2093"]

1. e4 c5 2. Nc3 e6 3. Nf3 a6 4. g3 b5 5. Bg2 Bb7 6. d3 d6 7. O-O Be7 8. e5 Nd7
9. exd6 Bxd6 10. Ne4 Be7 11. Bf4 Qb6 12. a4 Bxe4 13. dxe4 Rd8 14. Qe2 Ngf6 15.
a5 Qc6 16. Rad1 Qxe4 17. Qxe4 Nxe4 18. Rxd7 Rxd7 19. Ne5 f5 20. Nxd7 Kxd7 21.
Rd1+ Kc6 22. Be5 Rd8 23. Rxd8 Bxd8 24. Bxg7 Bxa5 25. g4 c4 26. f3 Nc5 27. f4+
Ne4 28. h4 Bc7 29. gxf5 exf5 30. Bh3 Bxf4 31. Bxf5 Kd5 32. Bxh7 a5 33. h5 b4
34. h6 Ng5 35. Bg8+ Kc5 36. h7 Nxh7 37. Bxh7 Bd6 38. Kf2 a4 39. Ke2 a3 40. bxa3
bxa3 41. Ba1 Bf4 42. Kd1 Kb4 43. c3+ Kb3 44. Bg8 Be5 45. Kc1 Bf4+ 46. Kd1 Be5
47. Kc1 a2 48. Bxc4+ Kxc4 49. Kb2 1/2-1/2

[Event "XXI Ayto. de Erandio"]
[Site "Erandio"]
[Date "2012.12.29"]
[Round "7.6"]
[White "Saez Gabikagogeaskoa, Oscar"]
[Black "Wu Martin, Eneko"]
[Result "0-1"]
[WhiteElo "1974"]
[BlackElo "2087"]

1. e4 e5 2. Nf3 f5 3. Nxe5 Qf6 4. d4 d6 5. Nc4 fxe4 6. Nc3 Qf7 7. Be2 Nf6 8.
O-O Be6 9. b3 Nbd7 10. Na5 Rb8 11. f3 exf3 12. Bxf3 d5 13. a3 Bd6 14. Nb5 O-O
15. Nxd6 cxd6 16. Qe2 Ne4 17. Bb2 Qg6 18. Rfe1 Ndf6 19. c4 Ng5 20. Kh1 Nfe4 21.
Bh5 Qh6 22. cxd5 Bg4 23. Bxg4 Ng3+ $1 24. Kg1 Nxe2+ 25. Rxe2 Qf6 26. Rae1 Qf4
27. Be6+ Kh8 28. Nc4 Nxe6 29. dxe6 Rbe8 30. d5 Re7 31. Ne3 Qe4 32. h3 h5 33.
Bc3 b5 34. Bb4 Qe5 35. Rc2 Rf4 36. Bc3 Qg5 37. Bb4 Re4 38. Rce2 Rxe3 39. Rxe3
Qxd5 40. Kh2 Kg8 41. Kh1 g5 42. Kh2 Kf8 43. Kh1 Ke8 44. R1e2 Qd1+ 45. Kh2 Qd4
46. Rf3 Rc7 47. Ref2 Qe5+ 48. g3 Qxe6 49. Bd2 Kd7 50. Bxg5 Kc8 51. Rf6 Qxb3 52.
Bf4 Rc2 53. Bxd6 a5 54. h4 b4 55. axb4 axb4 56. Kg2 Rxf2+ 0-1

[Event "XXI Ayto. de Erandio"]
[Site "Erandio"]
[Date "2012.12.29"]
[Round "7.7"]
[White "Trigo Urquijo, Sergio"]
[Black "Goiria Egidazu, Jon Asel"]
[Result "1-0"]
[WhiteElo "2233"]
[BlackElo "1923"]

1. e4 e5 2. Nf3 Nc6 3. Bb5 a6 4. Ba4 Nf6 5. O-O b5 6. Bb3 Bb7 7. d3 Be7 8. a4
O-O 9. Nc3 Na5 10. Ba2 b4 11. Nd5 Nxd5 12. exd5 d6 13. Qe1 c5 14. Bd2 Bc8 15.
h3 Nb7 16. c3 a5 17. Nh2 Bg5 18. f4 Bh6 19. Qg3 f5 20. Nf3 exf4 21. Bxf4 Bxf4
22. Qxf4 h6 23. Nd2 Bd7 24. Bb1 Qf6 25. d4 cxd4 26. cxd4 Rac8 27. Bd3 Qf7 28.
Nc4 g5 29. Qf2 Rce8 30. Nb6 Bc8 31. Rac1 f4 32. Nxc8 Rxc8 33. Be4 Qd7 34. Qf3
Kg7 35. Rce1 Qxa4 36. Bd3 Qd7 37. Re6 Rf6 38. Rxf6 Kxf6 39. Qh5 Qg7 40. Re1 Nd8
41. Qg4 Kf7 42. Qd7+ 1-0